| 000 | 00754nam a22002177a 4500 | ||
|---|---|---|---|
| 008 | 110517s2010 enk|||||r|||| 001 0 eng d | ||
| 020 | _a0745329888 | ||
| 020 | _a9780745329888 | ||
| 082 |
_222 _a335.43 _bLUX |
||
| 100 |
_923899 _aLuxemburg, Rosa |
||
| 245 |
_aSocialism or Barbarism : _bSelected Writings / _cRosa Luxemburg; edited and with an introduction by Paul Le Blanc and Helen C. Scott |
||
| 260 |
_aLondon : _bPluto Press, 2010 _c2010 |
||
| 300 |
_a281 p. ; _c22 cm. |
||
| 490 |
_923900 _aGet Political ; _n9 |
||
| 650 |
_923901 _aCommunism. _bSocialism _zGermany |
||
| 651 |
_923902 _aSoviet Union _xHistory _yRevolution, 1917-1921 |
||
| 653 |
_bPol _cMay2011 |
||
| 650 |
_910837 _aSocialism |
||
| 650 |
_910626 _aCommunism |
||
| 942 |
_2ddc _cBB |
||
| 999 |
_c15312 _d15312 |
||